[Event "Catalunya-chT Gp2"]
[Site "Barcelona"]
[Date "2024.02.17"]
[Round "5.5"]
[White "Alcala Gonzalez, Cesar"]
[Black "Ventura Bolet, Alexandre"]
[Result "1-0"]
[WhiteElo "2247"]
[BlackElo "2242"]
[PlyCount "63"]
[EventDate "2024.01.20"]
[EventType "team-tourn"]
[EventRounds "7"]
[EventCountry "ESP"]
[SourceTitle "CB11_2024"]
[SourceDate "2024.03.13"]
[SourceVersion "1"]
[SourceVersionDate "2024.03.13"]
[SourceQuality "1"]
[WhiteTeam "Barcelona Escacs CC"]
[BlackTeam "Vila Olimpica"]
[WhiteTeamCountry "ESP"]
[BlackTeamCountry "ESP"]

1. d4 Nf6 2. c4 d6 3. Nc3 Nbd7 4. e4 e5 5. d5 Nc5 6. f3 a5 7. Be3 Be7 8. Qd2 0-0 9. 0-0-0 Ne8 10. h4 Bd7 11. g4 c6 12. Kb1 cxd5 13. Nxd5 Bc6 14. Ne2 Nc7 15. Ng3 Bxd5 16. cxd5 N7a6 17. Nf5 Re8 18. Bb5 Rf8 19. h5 Nc7 20. Be2 b6 21. Rdg1 Qd7 22. Bh6 Ne8 23. Bxg7 Nxg7 24. Qh6 Nce6 25. dxe6 Nxe6 26. g5 Bd8 27. g6 f6 28. gxh7+ Kh8 29. Rg8+ Rxg8 30. hxg8Q+ Kxg8 31. Rg1+ Ng5 32. Bc4+ 1-0

[Event "Mediterranean-ch 13th"]
[Site "Platja d'Aro"]
[Date "2023.11.11"]
[Round "9"]
[White "Lever, Erwan"]
[Black "Ventura Bolet, Alexandre"]
[Result "1-0"]
[WhiteElo "2174"]
[BlackElo "2245"]
[PlyCount "107"]
[EventDate "2023.11.04"]
[EventType "swiss"]
[EventRounds "9"]
[EventCountry "ESP"]
[SourceTitle "CB46_2023"]
[SourceDate "2023.11.15"]
[SourceVersion "1"]
[SourceVersionDate "2023.11.15"]
[SourceQuality "1"]

1. d4 Nf6 2. c4 d6 3. Nf3 g6 4. Nc3 Nbd7 5. e4 e5 6. Be2 Bg7 7. 0-0 0-0 8. Qc2 c6 9. d5 c5 10. Bg5 h6 11. Bd2 Ne8 12. Rae1 Ndf6 13. Kh1 a6 14. a3 Rb8 15. b4 b6 16. Rb1 Nh5 17. g3 Bg4 18. Ng1 Bxe2 19. Ngxe2 f5 20. f3 Qc8 21. Qd3 f4 22. g4 Nhf6 23. bxc5 bxc5 24. Rxb8 Qxb8 25. Rb1 Qc8 26. Rb6 h5 27. gxh5 Nxh5 28. Ng1 Nhf6 29. Qf1 g5 30. h3 Rf7 31. Qb1 Bf8 32. Rb8 Qd7 33. Qd1 Rg7 34. Kg2 g4 35. hxg4 Nxg4 36. fxg4 Rxg4+ 37. Kf1 Nf6 38. Be1 Qh7 39. Qf3 Qh5 40. Nh3 Nh7 41. Rb2 Nf6 42. Rg2 Bg7 43. Rxg4 Nxg4 44. Ke2 Qg6 45. Kd3 Ne3 46. Bd2 Ng2 47. Nf2 Qg3 48. Qxg3 fxg3 49. Nh3 Kf7 50. Ne2 Nf4+ 51. Nhxf4 exf4 52. Bxf4 g2 53. Bxd6 Kg6 54. Bxc5 1-0

[Event "Mediterranean-ch 13th"]
[Site "Platja d'Aro"]
[Date "2023.11.05"]
[Round "3"]
[White "Jimenez Fernandez, Rebeca"]
[Black "Ventura Bolet, Alexandre"]
[Result "1/2-1/2"]
[WhiteElo "2044"]
[BlackElo "2245"]
[PlyCount "112"]
[EventDate "2023.11.04"]
[EventType "swiss"]
[EventRounds "9"]
[EventCountry "ESP"]
[SourceTitle "CB46_2023"]
[SourceDate "2023.11.15"]
[SourceVersion "1"]
[SourceVersionDate "2023.11.15"]
[SourceQuality "1"]

1. e4 Nf6 2. e5 Nd5 3. c4 Nb6 4. d4 d6 5. f4 g6 6. Nc3 Bg7 7. Be3 Be6 8. b3 0-0 9. Nf3 dxe5 10. fxe5 c5 11. d5 Bg4 12. Be2 N8d7 13. Rc1 Bxf3 14. Bxf3 Nxe5 15. Bxc5 Nbd7 16. Be3 Qa5 17. Bd4 Nxf3+ 18. gxf3 e5 19. dxe6 Bxd4 20. Qxd4 fxe6 21. 0-0 Ne5 22. f4 Ng4 23. Kh1 Nxh2 24. Kxh2 Qh5+ 25. Kg3 Rad8 26. Qe3 Qf5 27. Rcd1 h5 28. Qf3 Rxd1 29. Nxd1 e5 30. Ne3 exf4+ 31. Qxf4 h4+ 32. Qxh4 Qe5+ 33. Kg2 Qxe3 34. Rxf8+ Kxf8 35. Qf6+ Ke8 36. Qxg6+ Kd7 37. Qf7+ Kc8 38. Qg8+ Kd7 39. Qg4+ Kd8 40. Qh4+ Kd7 41. Qf2 Qg5+ 42. Kf3 a6 43. Ke4 Qg4+ 44. Kd3 Qg6+ 45. Kc3 Kc7 46. Qf4+ Kc8 47. Qf8+ Kc7 48. Qc5+ Kb8 49. Qe5+ Ka8 50. b4 Qb1 51. Qh8+ Ka7 52. Qd4+ Ka8 53. Qd8+ Ka7 54. a3 Qc1+ 55. Kb3 Qb1+ 56. Kc3 Qc1+ 1/2-1/2

[Event "Andorra op 39th"]
[Site "Escaldes"]
[Date "2023.07.27"]
[Round "6"]
[White "Christiansen, Johan Sebastian"]
[Black "Ventura Bolet, Alexandre"]
[Result "1-0"]
[WhiteElo "2603"]
[BlackElo "2227"]
[PlyCount "91"]
[EventDate "2023.07.22"]
[EventType "swiss"]
[EventRounds "9"]
[EventCountry "AND"]
[SourceTitle "CBM 215 Extra"]
[Source "ChessBase"]
[SourceDate "2023.09.30"]
[SourceVersion "1"]
[SourceVersionDate "2023.09.30"]
[SourceQuality "1"]

1. e4 Nf6 2. e5 Nd5 3. d4 d6 4. Nf3 dxe5 5. Nxe5 c6 6. Bd3 g6 7. 0-0 Bg7 8. Re1 0-0 9. h3 Nd7 10. Nf3 c5 11. Nc3 Nxc3 12. bxc3 Re8 13. Bg5 Nf6 14. Bc4 Qc7 15. Ne5 Rf8 16. Bf4 cxd4 17. Qxd4 Nh5 18. Bh2 Be6 19. Bxe6 fxe6 20. Qg4 Qb6 21. Nd3 Rf5 22. Qc4 Rd5 23. Rab1 Qc6 24. Qxc6 bxc6 25. Rxe6 c5 26. g4 c4 27. Ne5 Bxe5 28. Rxe5 Rxe5 29. Bxe5 Nf6 30. Rb7 Kf7 31. Rc7 Rb8 32. Rxe7+ Kxe7 33. Bxb8 a6 34. Be5 Nd5 35. Kg2 Ke6 36. f4 g5 37. Kf3 gxf4 38. Bd4 Kd6 39. Ke4 Ke6 40. h4 Kd6 41. g5 Ke6 42. h5 Ne7 43. Kxf4 Nf5 44. a3 h6 45. gxh6 Nxh6 46. Kg5 1-0

[Event "Andorra op 39th"]
[Site "Escaldes"]
[Date "2023.07.25"]
[Round "4"]
[White "Rodriguez Melendez, Juan Humbert"]
[Black "Ventura Bolet, Alexandre"]
[Result "1/2-1/2"]
[WhiteElo "2058"]
[BlackElo "2227"]
[PlyCount "92"]
[EventDate "2023.07.22"]
[EventType "swiss"]
[EventRounds "9"]
[EventCountry "AND"]
[SourceTitle "CBM 215 Extra"]
[Source "ChessBase"]
[SourceDate "2023.09.30"]
[SourceVersion "1"]
[SourceVersionDate "2023.09.30"]
[SourceQuality "1"]

1. e4 Nf6 2. e5 Nd5 3. d4 d6 4. Nf3 dxe5 5. Nxe5 c6 6. Be2 Bf5 7. 0-0 Nd7 8. Nf3 e6 9. a3 Bd6 10. c4 Nf4 11. Nc3 0-0 12. Re1 Nxe2+ 13. Qxe2 h6 14. Ne4 Bc7 15. Bd2 Nf6 16. Ng3 Bxg3 17. hxg3 Qb6 18. b4 Rfd8 19. a4 a5 20. bxa5 Qa6 21. Bb4 Rd7 22. Qb2 Ne4 23. Ne5 Rdd8 24. g4 Bh7 25. Rac1 Qa7 26. Rcd1 f6 27. Nf3 Rab8 28. c5 Rd5 29. Bd2 Rbd8 30. Qb6 Qa6 31. Bb4 R8d7 32. Rc1 Kf7 33. Re3 Re7 34. Rce1 Ng5 35. Bc3 Nxf3+ 36. gxf3 Rdd7 37. Qb3 Rd5 38. f4 f5 39. f3 g5 40. Bd2 gxf4 41. Re5 fxg4 42. fxg4 Qd3 43. Qxd3 Bxd3 44. Rxd5 exd5 45. Rxe7+ Kxe7 46. Kf2 Kf6 1/2-1/2

[Event "Solta op 4th"]
[Site "Grohote"]
[Date "2021.08.14"]
[Round "8"]
[White "Novosel, Lovro"]
[Black "Ventura Bolet, Alexandre"]
[Result "1-0"]
[WhiteElo "2078"]
[BlackElo "2224"]
[PlyCount "79"]
[EventDate "2021.08.08"]
[EventType "swiss"]
[EventRounds "9"]
[EventCountry "CRO"]
[SourceTitle "CBM 203 Extra"]
[Source "ChessBase"]
[SourceDate "2021.09.30"]
[SourceVersion "1"]
[SourceVersionDate "2021.09.30"]
[SourceQuality "1"]

1. Nf3 Nf6 2. g3 b5 3. Bg2 Bb7 4. Na3 a6 5. c4 b4 6. Nc2 c5 7. 0-0 e6 8. d4 cxd4 9. Ncxd4 Be7 10. a3 Nc6 11. Ne5 Nxe5 12. Bxb7 Ra7 13. Bg2 bxa3 14. b3 0-0 15. Bxa3 Bxa3 16. Rxa3 Qb6 17. Qa1 Nc6 18. Nxc6 dxc6 19. Rd1 c5 20. e4 Rd8 21. Rxd8+ Qxd8 22. Rxa6 Rxa6 23. Qxa6 h5 24. Bf3 Qd3 25. Qa8+ Kh7 26. e5 Nd5 27. Bxh5 Nb4 28. Bxf7 Kh6 29. Qh8+ Qh7 30. Qxh7+ Kxh7 31. Bxe6 Nc6 32. f4 Nd4 33. Bd5 Kg6 34. Kf2 Kf5 35. Ke3 Nc2+ 36. Kd3 Nb4+ 37. Ke2 g5 38. e6 Na6 39. e7 Nc7 40. Bc6 1-0

[Event "Solta op 4th"]
[Site "Grohote"]
[Date "2021.08.13"]
[Round "7"]
[White "Ventura Bolet, Alexandre"]
[Black "Hadzi Manev, Ljubomir"]
[Result "1-0"]
[WhiteElo "2224"]
[BlackElo "2006"]
[PlyCount "69"]
[EventDate "2021.08.08"]
[EventType "swiss"]
[EventRounds "9"]
[EventCountry "CRO"]
[SourceTitle "CBM 203 Extra"]
[Source "ChessBase"]
[SourceDate "2021.09.30"]
[SourceVersion "1"]
[SourceVersionDate "2021.09.30"]
[SourceQuality "1"]

1. Nf3 d5 2. c4 d4 3. e3 Nc6 4. d3 g6 5. exd4 Nxd4 6. Nxd4 Qxd4 7. Nc3 c6 8. Be3 Qd8 9. Qd2 Bg7 10. Be2 h5 11. d4 Nh6 12. d5 Nf5 13. 0-0 0-0 14. Rad1 Qa5 15. Bg5 cxd5 16. cxd5 Bd7 17. h3 Rfe8 18. Ne4 Qxa2 19. Ra1 Qxb2 20. Qxb2 Bxb2 21. Rab1 Be5 22. Rxb7 Bc8 23. Rbb1 Nd4 24. Bd3 a5 25. Rfe1 Bg7 26. Nd6 Ba6 27. Nxe8 Bxd3 28. Nc7 Ra7 29. Rb8+ Kh7 30. Rxe7 a4 31. Rxf7 a3 32. Bf6 Nf5 33. Bxg7 Nxg7 34. Ra8 Rxa8 35. Nxa8 1-0

[Event "Solta op 4th"]
[Site "Grohote"]
[Date "2021.08.09"]
[Round "3"]
[White "Ventura Bolet, Alexandre"]
[Black "Plenkovic, Zdenko"]
[Result "0-1"]
[WhiteElo "2224"]
[BlackElo "2358"]
[PlyCount "108"]
[EventDate "2021.08.08"]
[EventType "swiss"]
[EventRounds "9"]
[EventCountry "CRO"]
[SourceTitle "CBM 203 Extra"]
[Source "ChessBase"]
[SourceDate "2021.09.30"]
[SourceVersion "1"]
[SourceVersionDate "2021.09.30"]
[SourceQuality "1"]

1. Nf3 c5 2. g3 Nc6 3. Bg2 g6 4. d4 cxd4 5. Nxd4 Bg7 6. Nxc6 bxc6 7. 0-0 Rb8 8. c4 Rxb2 9. Bxb2 Bxb2 10. Nd2 Bxa1 11. Qxa1 Nf6 12. Qc3 0-0 13. Qa3 a6 14. c5 a5 15. Qd3 Qc7 16. f4 Qa7 17. Rc1 d5 18. e4 dxe4 19. Nxe4 Nd5 20. Nf2 Be6 21. Bxd5 Bxd5 22. Ng4 Rb8 23. f5 Rb4 24. Ne3 Be4 25. Qd8+ Kg7 26. a3 Rb1 27. Rxb1 Bxb1 28. Qb6 Qd7 29. Qxb1 Qd4 30. Qc1 gxf5 31. Kf2 f4 32. gxf4 Qxf4+ 33. Kg2 Qe4+ 34. Kg3 f5 35. Ng2 e5 36. Qg5+ Kf7 37. Qh5+ Ke6 38. Qh6+ Kd5 39. Qd2+ Kc4 40. Ne3+ Kb3 41. Qd1+ Kxa3 42. Qc1+ Kb3 43. Qd1+ Kc3 44. Qe1+ Kd3 45. Qd1+ Kxe3 46. Qc1+ Kd4 47. Qa1+ Kd5 48. Qa2+ Qc4 49. Qd2+ Qd4 50. Qa2+ Kxc5 51. Qxa5+ Kc4 52. Qa4+ Kd5 53. Qa5+ Ke4 54. Qa2 Qg1+ 0-1

[Event "Platja d'Aro op 8th"]
[Site "Platja d'Aro"]
[Date "2021.07.02"]
[Round "9"]
[White "Ventura Bolet, Alexandre"]
[Black "Menac Comas, Joan Ramon"]
[Result "1-0"]
[WhiteElo "2235"]
[BlackElo "2054"]
[PlyCount "71"]
[EventDate "2021.06.25"]
[EventType "swiss"]
[EventRounds "9"]
[EventCountry "ESP"]
[SourceTitle "CBM 203 Extra"]
[Source "ChessBase"]
[SourceDate "2021.09.30"]
[SourceVersion "1"]
[SourceVersionDate "2021.09.30"]
[SourceQuality "1"]

1. e4 c6 2. Nf3 d5 3. Nc3 dxe4 4. Nxe4 Nf6 5. Qe2 Bg4 6. Nxf6+ gxf6 7. d4 Nd7 8. h3 Bh5 9. Bf4 Qa5+ 10. Bd2 Qc7 11. 0-0-0 0-0-0 12. Kb1 e6 13. Ka1 f5 14. Qe3 Rg8 15. Rc1 Nf6 16. Ne5 Ne4 17. Be1 Bd6 18. g4 Bg6 19. f3 Nf6 20. Bh4 Be7 21. c4 c5 22. dxc5 Bxc5 23. Qe1 Bb4 24. Qxb4 Qxe5 25. Bg2 f4 26. Rhe1 Qd4 27. Qa4 Nd7 28. Bxd8 Nc5 29. Rcd1 Qf2 30. Qa5 b6 31. Qxa7 Rxd8 32. Qa8+ Kc7 33. Qxd8+ Kb7 34. Rd7+ Nxd7 35. Qxd7+ Kb8 36. Rd1 1-0

[Event "Barcelona Sants op 21st"]
[Site "Barcelona"]
[Date "2019.08.29"]
[Round "7"]
[White "Baskin, Robert"]
[Black "Ventura Bolet, Alexandre"]
[Result "1/2-1/2"]
[WhiteElo "2398"]
[BlackElo "2208"]
[PlyCount "73"]
[EventDate "2019.08.23"]
[EventType "swiss"]
[EventRounds "10"]
[EventCountry "ESP"]
[SourceTitle "EXT 2020"]
[Source "ChessBase"]
[SourceDate "2019.10.17"]
[SourceVersion "1"]
[SourceVersionDate "2019.10.17"]
[SourceQuality "1"]

1. e4 Nf6 2. e5 Nd5 3. d4 d6 4. Nf3 Nb6 5. a4 a5 6. Nc3 g6 7. h4 h6 8. Bf4 Bg7 9. Bb5+ c6 10. Bd3 dxe5 11. dxe5 Na6 12. Qe2 Nc5 13. Rd1 Qc7 14. Qe3 Ne6 15. Bg3 Nd7 16. 0-0 Qb6 17. Qd2 Qb4 18. b3 0-0 19. Bc4 Nb6 20. Be2 Rd8 21. Qe3 Bd7 22. Nd4 Nd5 23. Nxd5 cxd5 24. h5 Rac8 25. hxg6 fxg6 26. Nxe6 Bxe6 27. Rd4 Rc3 28. Bd3 Qc5 29. f4 Bf5 30. Be1 Bxd3 31. Bxc3 Bxf1 32. Kxf1 Rc8 33. Rd3 Qxe3 34. Rxe3 Kf7 35. e6+ Kg8 36. Bxa5 Rxc2 37. Rd3 1/2-1/2

[Event "Catalunya-ch"]
[Site "Vila Seca"]
[Date "2019.04.20"]
[Round "5"]
[White "Ventura Bolet, Alexandre"]
[Black "Valenzuela Gomez, Fernando Alberto"]
[Result "1-0"]
[WhiteElo "2191"]
[BlackElo "2406"]
[PlyCount "55"]
[EventDate "2019.04.18"]
[EventType "swiss"]
[EventRounds "8"]
[EventCountry "ESP"]
[SourceTitle "CBM 189 Extra"]
[Source "ChessBase"]
[SourceDate "2019.06.03"]
[SourceVersion "1"]
[SourceVersionDate "2019.06.03"]
[SourceQuality "1"]

1. Nf3 d6 2. d4 Nf6 3. g3 g6 4. Bg2 Bg7 5. 0-0 0-0 6. c4 Nc6 7. Nc3 Bd7 8. Bf4 Re8 9. d5 Na5 10. b3 c6 11. Rc1 cxd5 12. cxd5 Qb6 13. Qd3 Rec8 14. Be3 Qb4 15. Qd4 Qa3 16. Qh4 Rxc3 17. Rxc3 Nxd5 18. Rd3 Nxe3 19. fxe3 Bf6 20. Ng5 h5 21. b4 Qxa2 22. bxa5 Bg4 23. Rd4 Bxe2 24. Bd5 Qa3 25. Bxf7+ Kh8 26. Rxf6 Qc1+ 27. Kg2 exf6 28. Qf4 1-0

[Event "Catalunya-ch"]
[Site "Vila Seca"]
[Date "2019.04.18"]
[Round "1"]
[White "Ventura Bolet, Alexandre"]
[Black "Marin Martorell, Jose"]
[Result "1-0"]
[WhiteElo "2191"]
[BlackElo "1799"]
[PlyCount "37"]
[EventDate "2019.04.18"]
[EventType "swiss"]
[EventRounds "8"]
[EventCountry "ESP"]
[SourceTitle "EXT 2020"]
[Source "ChessBase"]
[SourceDate "2019.10.17"]
[SourceVersion "1"]
[SourceVersionDate "2019.10.17"]
[SourceQuality "1"]

1. Nf3 Nf6 2. g3 Nc6 3. d4 d5 4. Bg2 g6 5. 0-0 Bg7 6. c4 e6 7. Nc3 0-0 8. cxd5 exd5 9. Ne5 Ne7 10. Qb3 c6 11. Rd1 Nf5 12. Bg5 h6 13. Bf4 Nd6 14. f3 Be6 15. Qc2 Qe7 16. e4 dxe4 17. fxe4 g5 18. Nxc6 Qc7 19. Bxd6 1-0

[Event "Barcelona Sant Marti op-A 19th"]
[Site "Barcelona"]
[Date "2017.07.18"]
[Round "6"]
[White "Advait, Bagri"]
[Black "Ventura Bolet, Alexandre"]
[Result "0-1"]
[WhiteElo "1772"]
[BlackElo "2080"]
[PlyCount "84"]
[EventDate "2017.07.13"]
[EventType "swiss"]
[EventRounds "9"]
[EventCountry "ESP"]
[SourceTitle "EXT 2018"]
[Source "ChessBase"]
[SourceDate "2017.10.13"]
[SourceVersion "1"]
[SourceVersionDate "2017.10.13"]
[SourceQuality "1"]

1. e4 Nf6 2. e5 Nd5 3. d4 d6 4. c4 Nb6 5. exd6 cxd6 6. Nc3 g6 7. Be3 Bg7 8. Rc1 0-0 9. b3 Bf5 10. Nf3 Bg4 11. Be2 d5 12. c5 Nc8 13. 0-0 Nc6 14. h3 Bxf3 15. Bxf3 e6 16. Qd2 N8e7 17. Ne2 Nf5 18. b4 Nh4 19. b5 Nxf3+ 20. gxf3 Na5 21. Rfd1 Nc4 22. Qb4 a6 23. a4 axb5 24. axb5 Ra2 25. Rxc4 dxc4 26. Qxc4 Qa5 27. Nc3 Rc2 28. Rd3 Ra8 29. Kg2 Rb2 30. Rd2 Rb4 31. Qd3 Rd8 32. b6 Rbxd4 33. Bxd4 Rxd4 34. Qe2 Rxd2 35. Qxd2 Qxc3 36. Qd7 Qxc5 37. Qxb7 Be5 38. Qa8+ Kg7 39. b7 Qb4 40. h4 Qxh4 41. b8Q Qh2+ 42. Kf1 Bxb8 0-1

[Event "Barcelona Sant Marti op-A 19th"]
[Site "Barcelona"]
[Date "2017.07.15"]
[Round "3"]
[White "Ventura Bolet, Alexandre"]
[Black "Neffe, Axel"]
[Result "1/2-1/2"]
[WhiteElo "2080"]
[BlackElo "2257"]
[PlyCount "90"]
[EventDate "2017.07.13"]
[EventType "swiss"]
[EventRounds "9"]
[EventCountry "ESP"]
[SourceTitle "EXT 2018"]
[Source "ChessBase"]
[SourceDate "2017.10.13"]
[SourceVersion "1"]
[SourceVersionDate "2017.10.13"]
[SourceQuality "1"]

1. Nf3 c5 2. g3 b6 3. Bg2 Bb7 4. 0-0 Nf6 5. c4 e6 6. b3 Be7 7. Bb2 0-0 8. e3 d6 9. d4 Nbd7 10. Nc3 Re8 11. Re1 a6 12. a4 Qc7 13. e4 cxd4 14. Nxd4 Bf8 15. Rc1 Rad8 16. f4 g6 17. Nd5 exd5 18. cxd5 Qb8 19. Nc6 Qa8 20. Nxd8 Qxd8 21. b4 Bg7 22. Qc2 a5 23. Qc7 Qxc7 24. Rxc7 Bxd5 25. Rd1 Bxe4 26. Bxe4 Rxe4 27. bxa5 bxa5 28. Bxf6 Nxf6 29. Rxd6 Ne8 30. Rc8 Kf8 31. Ra6 Rxa4 32. Raa8 Re4 33. Rxa5 Re7 34. Kg2 f5 35. h3 Kf7 36. g4 fxg4 37. hxg4 h6 38. Kf3 Rd7 39. Rca8 Bd4 40. Ra2 h5 41. gxh5 gxh5 42. Rd2 Ng7 43. Ra4 Nf5 44. Ke4 Ng3+ 45. Kf3 Nf5 1/2-1/2

[Event "Barcelona Sant Marti op-A 19th"]
[Site "Barcelona"]
[Date "2017.07.13"]
[Round "1"]
[White "Ventura Bolet, Alexandre"]
[Black "Gonzales, Jayson"]
[Result "1-0"]
[WhiteElo "2080"]
[BlackElo "2399"]
[PlyCount "51"]
[EventDate "2017.07.13"]
[EventType "swiss"]
[EventRounds "9"]
[EventCountry "ESP"]
[SourceTitle "EXT 2018"]
[Source "ChessBase"]
[SourceDate "2017.10.13"]
[SourceVersion "1"]
[SourceVersionDate "2017.10.13"]
[SourceQuality "1"]

1. Nf3 d6 2. d4 Bg4 3. Nc3 e6 4. e4 Nf6 5. Be2 c6 6. 0-0 d5 7. exd5 Bxf3 8. Bxf3 cxd5 9. Ne2 Nc6 10. Bg5 Be7 11. Re1 0-0 12. Rc1 b5 13. c3 h6 14. Bh4 g5 15. Bg3 g4 16. Bxg4 Nxg4 17. Nf4 Nf6 18. Bh4 Ne4 19. Bxe7 Qxe7 20. Re3 Qh4 21. Nd3 Kh7 22. Rh3 Qg5 23. Qc2 Rg8 24. f3 Qe3+ 25. Kh1 Qxd3 26. Qxd3 1-0

[Event "Barbera del Valles op 40th"]
[Site "Barbera del Valles"]
[Date "2017.07.11"]
[Round "8"]
[White "Ventura Bolet, Alexandre"]
[Black "Newrkla, Katharina"]
[Result "1/2-1/2"]
[WhiteElo "2080"]
[BlackElo "2182"]
[PlyCount "111"]
[EventDate "2017.07.04"]
[EventType "swiss"]
[EventRounds "9"]
[EventCountry "ESP"]
[SourceTitle "EXT 2018"]
[Source "ChessBase"]
[SourceDate "2017.10.13"]
[SourceVersion "1"]
[SourceVersionDate "2017.10.13"]
[SourceQuality "1"]

1. Nf3 Nf6 2. g3 b6 3. Bg2 Bb7 4. 0-0 c5 5. c4 g6 6. e3 d6 7. d4 Nbd7 8. Nc3 Bg7 9. d5 0-0 10. e4 a6 11. a4 Qc7 12. Re1 Ne5 13. Nxe5 dxe5 14. Be3 Bc8 15. h3 Bd7 16. Qb3 Rfb8 17. Qa3 a5 18. Rf1 Ne8 19. Rae1 Nd6 20. b3 Rf8 21. Qc1 Rae8 22. Bh6 f6 23. Bd2 Nf7 24. f4 Bh6 25. h4 Qc8 26. Kh2 Qb8 27. f5 Bxd2 28. Qxd2 Kg7 29. Bh3 g5 30. Bg4 h6 31. Bh5 Qd6 32. Qe2 Rb8 33. Bxf7 Rxf7 34. hxg5 hxg5 35. Kg2 Rh8 36. Rh1 Rff8 37. Nd1 Qb8 38. Ne3 Rxh1 39. Rxh1 Rh8 40. Qd1 Rxh1 41. Qxh1 Qd6 42. Ng4 Be8 43. Qh6+ Kg8 44. Ne3 Bf7 45. Nf1 Qd8 46. g4 Qf8 47. Qh1 Qg7 48. Ng3 Qh7 49. Qxh7+ Kxh7 50. Ne2 Kg7 51. Nc3 Kf8 52. Nb5 Ke8 53. d6 e6 54. fxe6 Bxe6 55. Kf3 Kd7 56. Kg3 1/2-1/2

[Event "Barbera del Valles op 40th"]
[Site "Barbera del Valles"]
[Date "2017.07.08"]
[Round "5"]
[White "Ryan, Joseph"]
[Black "Ventura Bolet, Alexandre"]
[Result "1-0"]
[WhiteElo "2284"]
[BlackElo "2080"]
[PlyCount "93"]
[EventDate "2017.07.04"]
[EventType "swiss"]
[EventRounds "9"]
[EventCountry "ESP"]
[SourceTitle "EXT 2018"]
[Source "ChessBase"]
[SourceDate "2017.10.13"]
[SourceVersion "1"]
[SourceVersionDate "2017.10.13"]
[SourceQuality "1"]

1. d4 Nf6 2. Bf4 d6 3. Nc3 Nbd7 4. Nf3 Nh5 5. Bd2 e5 6. e4 Nhf6 7. Bc4 Be7 8. 0-0 0-0 9. Re1 c6 10. a4 b6 11. d5 c5 12. a5 Ne8 13. axb6 Nxb6 14. Be2 f5 15. exf5 Bxf5 16. Be3 Kh8 17. Nd2 Bg5 18. Bxg5 Qxg5 19. Nde4 Qe7 20. Ng3 g6 21. Bf1 Qb7 22. Bb5 Qf7 23. Bc6 Rd8 24. Nb5 Nc8 25. Bxe8 Rdxe8 26. Qd2 Bd7 27. Nc3 Re7 28. Ra6 Rd8 29. b3 Bf5 30. Nce4 Rc7 31. Ng5 Qf6 32. Nxf5 gxf5 33. Ne6 Rcd7 34. f4 e4 35. Nxc5 Rf7 36. Ne6 Re8 37. Re3 Nb6 38. c4 h5 39. Qc3 Qxc3 40. Rxc3 Nc8 41. Kf2 Rb7 42. Rh3 Kg8 43. Ra3 Rh7 44. Rg3+ Kh8 45. Rg5 Nb6 46. Rxf5 Nd7 47. Rxa7 1-0

[Event "Barbera del Valles op 40th"]
[Site "Barbera del Valles"]
[Date "2017.07.07"]
[Round "4"]
[White "Ventura Bolet, Alexandre"]
[Black "Perez Manas, Benjamin"]
[Result "0-1"]
[WhiteElo "2080"]
[BlackElo "2331"]
[PlyCount "126"]
[EventDate "2017.07.04"]
[EventType "swiss"]
[EventRounds "9"]
[EventCountry "ESP"]
[SourceTitle "EXT 2018"]
[Source "ChessBase"]
[SourceDate "2017.10.13"]
[SourceVersion "1"]
[SourceVersionDate "2017.10.13"]
[SourceQuality "1"]

1. Nf3 Nf6 2. g3 g6 3. Bg2 Bg7 4. 0-0 0-0 5. c4 d6 6. d4 Nc6 7. Nc3 e5 8. dxe5 dxe5 9. Qxd8 Rxd8 10. Bg5 Be6 11. Nd2 h6 12. Bxf6 Bxf6 13. Rfd1 Be7 14. a3 a5 15. Nd5 Bxd5 16. cxd5 Nd4 17. e3 Nf5 18. Rac1 Bd6 19. Ne4 Ra6 20. Nc3 Ng7 21. Bf1 Raa8 22. Bb5 f5 23. Ba4 e4 24. Nb5 Rac8 25. Na7 Rb8 26. Nb5 Be5 27. Nd4 Kf8 28. Rc5 Ra8 29. Rdc1 b6 30. R5c2 Rxd5 31. Bc6 Rad8 32. Bxd5 Rxd5 33. Rc6 Bd6 34. a4 Ke7 35. Nb5 Ne6 36. Kf1 Be5 37. Ke2 Rd3 38. R1c2 Rb3 39. Kd2 Kd7 40. R6c4 Rxb2 41. Rxb2 Bxb2 42. g4 Be5 43. h4 h5 44. gxf5 gxf5 45. Ke2 Bf6 46. f3 c6 47. Na3 Nc5 48. Nc2 Kd6 49. Nd4 Kd5 50. Rc1 Bxd4 51. exd4 Nxa4 52. fxe4+ fxe4 53. Rg1 Kxd4 54. Rg5 Nc3+ 55. Ke1 a4 56. Rxh5 a3 57. Rh8 b5 58. Ra8 Na4 59. Rd8+ Ke5 60. h5 a2 61. Rd1 b4 62. Kd2 Nc3 63. Rh1 Nb1+ 0-1

[Event "Barbera del Valles op 40th"]
[Site "Barbera del Valles"]
[Date "2017.07.05"]
[Round "2"]
[White "Ventura Bolet, Alexandre"]
[Black "Mota, Pankit"]
[Result "1-0"]
[WhiteElo "2080"]
[BlackElo "1859"]
[PlyCount "55"]
[EventDate "2017.07.04"]
[EventType "swiss"]
[EventRounds "9"]
[EventCountry "ESP"]
[SourceTitle "EXT 2018"]
[Source "ChessBase"]
[SourceDate "2017.10.13"]
[SourceVersion "1"]
[SourceVersionDate "2017.10.13"]
[SourceQuality "1"]

1. Nf3 d5 2. c4 c6 3. e3 Nf6 4. Nc3 a6 5. Qc2 g6 6. d4 Bg7 7. Bd3 0-0 8. 0-0 dxc4 9. Bxc4 b5 10. Be2 Bb7 11. e4 b4 12. Na4 Nbd7 13. Bg5 Qa5 14. a3 e5 15. axb4 Qxb4 16. Nxe5 Nxe5 17. dxe5 Nxe4 18. Be3 Bxe5 19. Nb6 c5 20. Nxa8 Rxa8 21. Bf3 f5 22. Ra4 Qxb2 23. Qxb2 Bxb2 24. Rb1 Bc6 25. Bxe4 fxe4 26. Ra5 Bd4 27. Rb6 Rc8 28. Bxd4 1-0

[Event "ESP-ch U18"]
[Site "Granada"]
[Date "2016.07.25"]
[Round "2"]
[White "Ventura Bolet, Alexandre"]
[Black "Domingo Nunez, Alejandro"]
[Result "0-1"]
[WhiteElo "2109"]
[BlackElo "2334"]
[PlyCount "66"]
[EventDate "2016.07.25"]
[EventType "swiss"]
[EventRounds "9"]
[EventCountry "ESP"]
[SourceTitle "EXT 2024"]
[Source "ChessBase"]
[SourceDate "2023.10.10"]
[SourceVersion "1"]
[SourceVersionDate "2023.10.10"]
[SourceQuality "1"]

1. e4 c5 2. Nf3 d6 3. h3 Nf6 4. Bd3 g6 5. 0-0 Bg7 6. c3 0-0 7. Bc2 Nc6 8. d4 Nd7 9. Na3 Rb8 10. Be3 b5 11. Bd3 b4 12. Nc4 Ba6 13. Qd2 Na5 14. Nxa5 Qxa5 15. Bxa6 Qxa6 16. Bh6 bxc3 17. bxc3 Qa3 18. Bxg7 Kxg7 19. Rab1 Nf6 20. Qc2 cxd4 21. cxd4 Rfc8 22. Qe2 Rxb1 23. Rxb1 Rc1+ 24. Rxc1 Qxc1+ 25. Ne1 Qa1 26. d5 Qd4 27. Nf3 Qxe4 28. Qa6 Qb1+ 29. Kh2 Qb6 30. Qe2 Nxd5 31. a4 e5 32. Qd2 Nf4 33. a5 Qc5 0-1